BIBLIOTECA Y CENTRO DE DOCUMENTACIÓN
Vista normal Vista MARC
  • Gámez, Valerie

Entrada Personal Name

Número de registros utilizados en: 1

001 - CONTROL NUMBER

  • control field: 97

003 - CONTROL NUMBER IDENTIFIER

  • control field: armounm

005 - DATE AND TIME OF LATEST TRANSACTION

  • control field: 20111227103814.0

008 - FIXED-LENGTH DATA ELEMENTS

  • fixed length control field: 110921|||a|||||| | ||| d

040 ## - CATALOGING SOURCE

  • Original cataloging agency: AR-MOUNM

100 ## - HEADING--PERSONAL NAME

  • Personal name: Gámez, Valerie

670 ## - SOURCE DATA FOUND

  • Source citation: Work cat.: ()0: Titus, James E., 1934- 92, Spanish/English dictionary for electricity and electronics =, c2008.
Biblioteca UNM
Universidad Nacional de Moreno
Av. Bme. Mitre Nº 1891 (B1744OHC) Moreno
Provincia de Buenos Aires, República Argentina
(0237) 460-9300 (líneas rotativas)
(011) 2078-9170 (líneas rotativas)
biblioteca@unm.edu.ar
Universidad del Bicentenario Argentino